Getting to grips with section 106 (Record no. 74906)

MARC details
000 -LEADER
fixed length control field 01555cab a2200229 4500
001 - CONTROL NUMBER
control field X129036
008 - FIXED-LENGTH DATA ELEMENTS--GENERAL INFORMATION
fixed length control field 050314n2005 000 0 eng u
035 ## - SYSTEM CONTROL NUMBER
System control number (Sirsi) u129036
100 ## - MAIN ENTRY--PERSONAL NAME
Personal name Rashleigh, B.
245 ## - TITLE STATEMENT
Title Getting to grips with section 106
260 ## - PUBLICATION, DISTRIBUTION, ETC.
Date of publication, distribution, etc. 2005
490 ## - SERIES STATEMENT
Series statement Roof
Volume/sequential designation March/April 2005, 32-34(2)
520 ## - SUMMARY, ETC.
Summary, etc. Considers the findings of a new Joseph Rowntree Foundation publication "Land and finance for affordable housing", which concludes that social landlords are finally getting to grips, 15 years after its introduction, with the s106 mechanism that allows them to negotiate with developers to agree to build affordable housing in exchange for planning permission and that they are negotiating better outcomes than before. However the increasing dependence on the s106 route in contrast to other traditional ways of funding affordable housing is masking a decline in the overall total of affordable homes being built. Appended are comments on the proposed overhaul of s106 as part of the ODPM's new five-year plan, a s106 new affordable housing case study, New Providence Wharf in the east London borough of Tower Hamlets and a note on the value of model s106 agreements such as pioneered by Basingstoke and Deane local planning authority.
590 ## - LOCAL NOTE (RLIN)
Local note ABS
650 ## - SUBJECT ADDED ENTRY--TOPICAL TERM
Topical term or geographic name entry element TOWN AND COUNTRY PLANNING ACT 1990 S106
650 ## - SUBJECT ADDED ENTRY--TOPICAL TERM
Topical term or geographic name entry element PLANNING OBLIGATIONS
650 ## - SUBJECT ADDED ENTRY--TOPICAL TERM
Topical term or geographic name entry element Affordable housing
9 (RLIN) 6215
650 ## - SUBJECT ADDED ENTRY--TOPICAL TERM
Topical term or geographic name entry element TOWN AND COUNTRY PLANNING ACT 1990 S106
650 ## - SUBJECT ADDED ENTRY--TOPICAL TERM
Topical term or geographic name entry element SOCIAL HOUSING
690 ## - LOCAL SUBJECT ADDED ENTRY--TOPICAL TERM (OCLC, RLIN)
Topical term or geographic name as entry element HOUSING-DEVELOPMENT
942 ## - ADDED ENTRY ELEMENTS (KOHA)
Suppress in OPAC 0
Holdings
Withdrawn status Lost status Source of classification or shelving scheme Damaged status Not for loan Home library Current library Shelving location Date acquired Total Checkouts Full call number Barcode Date last seen Copy number Price effective from Koha item type
    Dewey Decimal Classification     London London Journal article 14/03/2005   X129036 129036-1001 06/08/2019 1 06/08/2019 Journal article